Sarah Conner - Vincent - Liedtext - Statistiken

Allgemein
  • Dieses Quiz wurde 460 mal gespielt
  • Das Durchschnittsergebnis liegt bei 109 aus 498
Antwortstatistiken
Wörter % Korrekt
Vincent
100%
hoch,
96%
kein´n
96%
kriegt
96%
an
95%
er
95%
Mädchen
95%
wenn
95%
denkt
94%
Er
92%
hat
92%
es
91%
oft
91%
versucht
91%
und
90%
sich
89%
angestrengt
87%
echt
87%
Alle
72%
Freunde
72%
seine
72%
spielen
71%
GTA
69%
Vincent
65%
lieber
63%
tanzt
63%
und
63%
zu
63%
ab
61%
Beyoncé
59%
taucht
59%
Er
55%
denkt
54%
an
53%
ihn,
53%
und
53%
Als
52%
an
52%
den
52%
er
52%
nur
52%
Tag
52%
ersten
51%
ihn
51%
Mal
51%
zum
51%
sah
50%
ich
47%
Mama,
47%
da,
46%
er
46%
glaub´,
46%
Ich
46%
So
46%
stand
46%
das
45%
Dass
45%
denken
45%
Fieber,
45%
hab´
45%
ich
45%
ich
45%
ich
45%
kann
45%
klar
45%
mehr
45%
nicht
45%
und
45%
war
45%
das
44%
glaub
44%
nicht
44%
Vincent
44%
will
44%
cool
43%
Mama,
43%
was
43%
Herz
42%
ich
42%
Ich
42%
jetzt
42%
Kind,
42%
Liebe
42%
machen?
42%
mein
42%
Nein,
42%
soll
42%
war
42%
bitte
41%
das
41%
du
41%
es
41%
glaub´,
41%
glaub
41%
ich
41%
ist
41%
jetzt
41%
Liebe,
41%
mein
41%
mir,
41%
muss
41%
nicht
41%
nicht
41%
nur
41%
sterben
41%
Und
41%
was,
41%
wenn
41%
wird
41%
zerbricht?
41%
auch
40%
da
40%
keine
40%
Schatz,
40%
stirbst
40%
Es
39%
Medizin,
39%
und
39%
hilft
37%
Doch
24%
ersten
24%
Mal
24%
richtig
24%
tut´s
24%
weh
24%
Beim
23%
du
23%
Es
23%
ist
23%
keine
23%
Liebe,
23%
Medizin
23%
nur
23%
schon
23%
seh´n
23%
wirst
23%
auch
22%
da
22%
das
22%
geht
22%
hilft
22%
Linda
22%
oh-oh
22%
und
22%
vorbei,
22%
war
22%
Ben´n
21%
das
21%
die
21%
Football-Star
21%
Paar
21%
perfekte
21%
Schönste,
21%
groß,
20%
so
20%
Träume
20%
alles
19%
das
19%
Doch
19%
durchgeplant
19%
Haus
19%
Hochzeit,
19%
Kind,
19%
und
19%
alles
18%
an
18%
an
18%
denkt
18%
ihn,
18%
jetzt
18%
ob
18%
schon
18%
sie
18%
sie
18%
Und
18%
und
18%
war?
18%
alles
17%
Als
17%
denken
17%
die
17%
Fieber,
17%
glaub´,
17%
hab´
17%
ich
17%
Ich
17%
ich
17%
ist
17%
Jetzt
17%
kann
17%
liegt
17%
Mama,
17%
mehr
17%
nicht
17%
noch
17%
sie
17%
so
17%
verknallt
17%
wach
17%
war´n
17%
Zeit
17%
auch
16%
bitte
16%
das
16%
das
16%
du
16%
ernst,
16%
es
16%
Es
16%
glaub´,
16%
glaub
16%
glaube,
16%
Herz
16%
ich
16%
ich
16%
ich
16%
Ich
16%
ich
16%
ist
16%
jetzt
16%
keine
16%
Kind,
16%
Liebe
16%
Liebe,
16%
machen?
16%
Mama,
16%
mehr
16%
mein
16%
mein
16%
mir,
16%
muss
16%
Nein,
16%
nicht
16%
nicht
16%
nicht
16%
nicht
16%
nur
16%
Ob
16%
Schatz,
16%
sie
16%
so
16%
soll
16%
sterben
16%
stirbst
16%
und
16%
Und
16%
war
16%
was
16%
was,
16%
weiß
16%
wenn
16%
will
16%
wird
16%
wirklich
16%
zerbricht?
16%
da
15%
das
15%
Medizin,
15%
und
15%
auch
14%
beschissen
14%
da
14%
das
14%
Doch
14%
du
14%
es
14%
Es
14%
geht
14%
hilft
14%
Ich
14%
ist
14%
keine
14%
Liebe,
14%
Medizin,
14%
nur
14%
schon
14%
seh´n
14%
tut
14%
und
14%
vorbei,
14%
weh
14%
weiß,
14%
wirst
14%
alle
13%
Bank
13%
Bibel
13%
der
13%
Deutsche
13%
die
13%
Die
13%
Du
13%
fragen
13%
hab´n
13%
hilft
13%
kannst
13%
keinen
13%
lesen,
13%
Liebe
13%
Plan,
13%
sie
13%
verklagen
13%
Von
13%
Whitney
13%
du,
12%
du
12%
er,
12%
Es
12%
fühl´n
12%
fühlst,
12%
ich,
12%
ist
12%
jetzt
12%
Liebe,
12%
manche
12%
Nicht
12%
nicht
12%
nicht
12%
nicht
12%
nie
12%
nur
12%
oh-oh
12%
sie
12%
Was
12%
da
11%
keine
11%
Medizin
11%
und
11%
hilft
10%
Oh
10%
auf
9%
es
9%
hängt
9%
ist
9%
Liebe,
9%
Linda
9%
nur
9%
oh
9%
Oh,
9%
yeah,
9%
yeah
9%
Amerika
8%
Ben
8%
da
8%
dass
8%
Er
8%
Er
8%
Es
8%
gedacht,
8%
gibt´s
8%
hat
8%
hätt´
8%
in
8%
ist
8%
ist
8%
jetzt
8%
keine
8%
Kinder
8%
küsst
8%
Liebe,
8%
man
8%
Mann
8%
Medizin
8%
mehr
8%
Models
8%
nicht
8%
nie
8%
nur
8%
oh
8%
Oh-oh.
8%
oh-oh
8%
so
8%
starken
8%
Tinder,
8%
und´n
8%
Vincent
8%
yeah
8%
zwei
8%
dafür
7%
das
7%
denk´
7%
denken
7%
Fieber,
7%
glaub´,
7%
glaube,
7%
hab´
7%
hier
7%
ich
7%
ich
7%
Ich
7%
ich
7%
ich
7%
ich
7%
jetzt
7%
kann
7%
kann
7%
lieben
7%
lieg´
7%
Mama,
7%
Mama,
7%
mehr
7%
nicht
7%
nicht
7%
Und
7%
und
7%
wach,
7%
will
7%
Als
6%
an
6%
angestrengt
6%
auch
6%
bitte
6%
das
6%
den
6%
du
6%
echt
6%
ersten
6%
es
6%
glaub´,
6%
glaub
6%
Herz
6%
ich
6%
ich
6%
Ich
6%
ich
6%
jetzt
6%
Kind,
6%
machen?
6%
Mal
6%
mein
6%
mein
6%
mir,
6%
muss
6%
Nein,
6%
nicht
6%
nicht
6%
Schatz,
6%
sich
6%
soll
6%
sterben
6%
stirbst
6%
Tag
6%
Und
6%
verknallt
6%
war
6%
was
6%
was,
6%
wenn
6%
wird
6%
zerbricht?
6%
zum
6%
an
5%
da
5%
denkt
5%
er
5%
Er
5%
Es
5%
es
5%
hat
5%
hoch,
5%
ist
5%
keine
5%
kein´n
5%
kriegt
5%
Liebe,
5%
Mädchen
5%
Medizin,
5%
nur
5%
oft
5%
und
5%
und
5%
versucht
5%
Vincent
5%
wenn
5%
auch
4%
beschissen
4%
da
4%
das
4%
Doch
4%
du
4%
es
4%
Es
4%
geht
4%
hilft
4%
hilft
4%
Ich
4%
ist
4%
keine
4%
Liebe,
4%
Medizin,
4%
nur
4%
schon
4%
seh´n
4%
tut
4%
und
4%
vorbei
4%
weh
4%
weiß,
4%
wirst
4%
Keine übereinstimmenden Quizze gefunden
Verteilung der Resultate
Anzahl Personen mit jedem Resultat
Perzentil nach korrekt beantworteten Fragen
Ihre Resultats-Entwicklung
Sie haben dieses Quiz noch nicht gespielt